A Cultural Theory of International Relations / (Record no. 12895)
[ view plain ]
| 000 -LEADER | |
|---|---|
| fixed length control field | 01615cam a2200301 a 4500 |
| 001 - CONTROL NUMBER | |
| control field | 15340525 |
| 005 - DATE AND TIME OF LATEST TRANSACTION | |
| control field | 20090901064532.0 |
| 008 - FIXED-LENGTH DATA ELEMENTS--GENERAL INFORMATION | |
| fixed length control field | 080623s2008 enka b 001 0 eng |
| 010 ## - LIBRARY OF CONGRESS CONTROL NUMBER | |
| LC control number | 2008027833 |
| 020 ## - INTERNATIONAL STANDARD BOOK NUMBER | |
| International Standard Book Number | 9780521871365 (hbk.) |
| 035 ## - SYSTEM CONTROL NUMBER | |
| System control number | (OCoLC)ocn227031830 |
| 035 ## - SYSTEM CONTROL NUMBER | |
| System control number | (OCoLC)227031830 |
| Canceled/invalid control number | (OCoLC)232588960 |
| 040 ## - CATALOGING SOURCE | |
| Original cataloging agency | DLC |
| Transcribing agency | DLC |
| Modifying agency | BTCTA |
| -- | YDXCP |
| -- | BAKER |
| -- | BWKUK |
| -- | BWK |
| -- | CDX |
| -- | J2H |
| -- | IXA |
| -- | DLC |
| 050 00 - LIBRARY OF CONGRESS CALL NUMBER | |
| Classification number | JZ1305 |
| Item number | .L43 2008 |
| 082 00 - DEWEY DECIMAL CLASSIFICATION NUMBER | |
| Classification number | 327.101 |
| Edition number | 22 |
| Item number | LEB |
| 100 1# - MAIN ENTRY--PERSONAL NAME | |
| Personal name | Lebow, Richard Ned. |
| 9 (RLIN) | 9298 |
| 245 12 - TITLE STATEMENT | |
| Title | A Cultural Theory of International Relations / |
| Statement of responsibility, etc | Richard Ned Lebow. |
| 260 ## - PUBLICATION, DISTRIBUTION, ETC. (IMPRINT) | |
| Place of publication, distribution, etc | Cambridge, UK ; |
| -- | New York : |
| Name of publisher, distributor, etc | Cambridge University Press, |
| Date of publication, distribution, etc | 2008. |
| 300 ## - PHYSICAL DESCRIPTION | |
| Extent | xi, 762 p. : |
| Other physical details | ill. ; |
| Dimensions | 24 cm. |
| 504 ## - BIBLIOGRAPHY, ETC. NOTE | |
| Bibliography, etc | Includes bibliographical references (p. 571-740) and index. |
| 505 0# - FORMATTED CONTENTS NOTE | |
| Formatted contents note | Introduction -- Fear, interest and honor -- The spirit and its expression -- The ancient world -- Medieval Europe -- From Sun King to revolution -- Imperialism and World War I -- World War II -- Hitler to Bush and beyond -- General findings and conclusions. |
| 650 #0 - SUBJECT ADDED ENTRY--TOPICAL TERM | |
| Topical term or geographic name as entry element | International relations |
| General subdivision | Philosophy. |
| 9 (RLIN) | 9299 |
| 650 #0 - SUBJECT ADDED ENTRY--TOPICAL TERM | |
| Topical term or geographic name as entry element | Constructivism (Philosophy) |
| 9 (RLIN) | 9300 |
| 856 41 - ELECTRONIC LOCATION AND ACCESS | |
| Materials specified | Table of contents only |
| Uniform Resource Identifier | <a href="http://www.loc.gov/catdir/toc/ecip0821/2008027833.html">http://www.loc.gov/catdir/toc/ecip0821/2008027833.html</a> |
| 942 ## - ADDED ENTRY ELEMENTS (KOHA) | |
| Source of classification or shelving scheme | Dewey Decimal Classification |
| Item type | Book - Borrowing |
| Withdrawn status | Item status | Source of classification or shelving scheme | Damaged status | Not for loan | Vendor | Home library | Current library | Shelving location | Date acquired | Source of acquisition | Cost, normal purchase price | Total Checkouts | Total Renewals | Full call number | Barcode | Date last seen | Date last borrowed | Koha item type |
|---|---|---|---|---|---|---|---|---|---|---|---|---|---|---|---|---|---|---|
| Dewey Decimal Classification | Baccah | Central Library | Central Library | First floor | 12/11/2009 | 200.00 | 3 | 14 | 327.101 LEB | 000018939 | 15/07/2025 | 29/04/2014 | Book - Borrowing |